| 000 | 01741nam a2200421 c 4500 | ||
|---|---|---|---|
| 999 |
_c160501 _d160501 |
||
| 003 | BLK | ||
| 005 | 20250705134252.0 | ||
| 008 | 180410b bul|||||r ||||||| ||bul|| | ||
| 010 | _aKNG00167716000 | ||
| 020 | _a978-954-625-937-0 | ||
| 040 | _aBLK | ||
| 041 |
_aBUL _cBUL |
||
| 072 | 7 |
_2bullib _aН85 _xДетска художествена литература Н |
|
| 080 |
_aАнглийска литература _b821.111 _x-93-32 _z821.111-93-32 |
||
| 100 | 1 |
_aРобинс, Холи _eпърви автор _gРаплей, Белинда _9334869 |
|
| 139 |
_aРаплей, Белинда _bР 37 |
||
| 245 | 1 | 0 |
_aНяма връщане назад _cХоли Робинс; * Белинда Раплей; ил. Джо Бъргър; прев. Гергана Димитрова Стойчева. |
| 257 | _aGBR | ||
| 260 |
_bФют _c2014 |
||
| 300 |
_a159 с. _c20 см |
||
| 380 | _aDX | ||
| 490 | 1 |
_aНДПЗ Най-добри приятелки завинаги _vКн. 1 |
|
| 500 | _aОриг. загл. BFFS. Sink or Swim / Belinda Rapley. - Холи Робинс е псевд. на Белинда Раплей. | ||
| 653 | _aповести | ||
| 653 | _aлитература за деца | ||
| 653 | _aдетска литература | ||
| 659 | _aН | ||
| 700 | 1 |
_aРаплей, Белинда _e* _9334870 |
|
| 700 | 1 |
_aБъргър, Джо _eил. _9334871 |
|
| 700 | 1 |
_aСтойчева, Гергана Димитрова _eпрев. _9334872 |
|
| 852 | _aЦб 277625 | ||
| 856 | 4 | _qpdf | |
| 856 | 4 | _qpdf | |
| 942 |
_cKNG _n0 _012 _s1 |
||
| 944 |
_aCR _c26.11.2014 _lЦветелина Шанова _k30531 |
||
| 944 |
_aED _c03.11.2015 _lф / _kЛюдмила_Стоянова |
||
| 999 | _d160501 | ||